Msdn library Disc 1.

Na minha lista:
Detalhes bibliográficos
Formato: Livro
Idioma:English
Publicado em: Boston : McGraw-Hill, 1992-2003.
Assuntos:
Tags: Adicionar Tag
Sem tags, seja o primeiro a adicionar uma tag!
Thư viện lưu trữ: Mạng thư viện Đại học Đà Nẵng
LEADER 01235cmm a2200361 a 4500
001 000043276
003 1217
005 20060111143149.0
008 010217b1992 vm 000 eng
020 |a 0103 P/N X09-11417 
040 |a LRC  |c LRC  |d LRC 
041 0 |a eng 
082 1 4 |a 005.2768  |2 21  |b Ms-L 
245 0 0 |a Msdn library  |h [Computer file - Đĩa máy tính].  |n Disc 1. 
246 3 3 |a MSDN library for Microsoft Visual Studio .Net 2003. 
260 |a Boston :  |b McGraw-Hill,  |c 1992-2003. 
300 |a 6 computer discs ;  |c 4 3/4 in. +  |e 1 book (ix, 453p. :  |b ill. ;  |c 27,5 cm.). 
500 |a Title from container. 
630 0 4 |a Computer file. 
630 0 4 |a Library. 
650 0 4 |a Visual Studio (Computer program language). 
OWN |a DUT 
AVA |a UDN50  |b DUT  |c Visual  |d 005.2768 Ms-L  |e available  |t Error 5001 Not defined in file expand_doc_bib_avail.  |f 1  |g 0  |h N  |i 0  |j AV  |k 1 
999 |a From the UDN01 
AVA |a UDN50  |b DUT  |c Visual  |d 005.2768 Ms-L  |e available  |t Error 5001 Not defined in file expand_doc_bib_avail.  |f 1  |g 0  |h N  |i 0  |j AV  |k 1 
TYP |a Computer file 
TYP |a Monograph 
980 |a Mạng thư viện Đại học Đà Nẵng